000 01109naa a22002777a 4500
001 BR7901849
003 BR-BrBNA
005 20240918174337.0
007 ta
008 230509b bl.||||| |||| 00| 0 por d
040 _aBR-BrBNA
_bpor
_cBiblioteca Nacional de Agricultura
041 _a(Pt)
072 _aF00; H10; H20
_b0180
090 _aF00 BR7901849
100 1 _aPompeu, J.M.C.
245 1 _aTrigo [Triticum aestivum, pratica cultural, doenca de planta, praga de planta]
260 3 _aPorto Alegre, RS (Brasil):
_bGlobo,
_c1978.
500 _aMagalhaes, A.; Bordini, M. da G. (eds.) Grande manual globo de agricultura, pecuaria e receituario industrial Porto Alegre, RS (Brasil): Globo, 1978. p. 261-281 (BR7901849-AM)F00
650 _aPRAGA DE PLANTA
650 _aDOENCA DE PLANTA
650 _aTRIGO
650 _aPRATICA CULTURAL
773 0 _tGrande manual globo de agricultura, pecuaria e receituario industrial
_aMagalhaes, A.; Bordini, M. da G. (eds.)
_b
_wF00 BR7901849
_gPorto Alegre, RS (Brasil), 1978. p. 261-281
909 _a202404
_bLucia
_c55
_dLucia Elande
942 _cAM
_2AGRIS
999 _c310572
_d310572